000 00333nam a22001217a 4500
008 230621b xxu||||| |||| 00| 0 eng d
020 _a0662600886
082 _a328.30
_bHOC
245 _aServing the Member: Procedural and Legal Assistance
260 _aCanada
_bClerk of the House of Commons
_c1993
300 _a20p
942 _2ddc
_cBK
999 _c2193
_d2193